| 000 | 00552nam a22001937a 4500 | ||
|---|---|---|---|
| 005 | 20251108164227.0 | ||
| 008 | 250721s1989 xx 000 0 ara d | ||
| 082 | 1 | 4 | _a781.62564/لام |
| 100 | 1 | _aلاما، باتريك | |
| 245 | 1 | 0 | _aالموسيقى الشعبية الفلسطينية / |
| 264 | 1 |
_aعمان : _c1989. |
|
| 300 | _a87ص | ||
| 650 | 1 | 7 | _aالموسيقى الشعبية |
| 650 | 1 | 7 | _aالأغاني الشعبية |
| 650 | 1 | 7 | _aفلسطين |
| 700 | 1 |
_aمطر، شفيقه _eترجمة |
|
| 942 |
_2ddc _cBK |
||
| 999 |
_c6876 _d6876 |
||